| 000 | 00581cam a2200193 4500 | ||
|---|---|---|---|
| 001 | D16368 | ||
| 008 | 090401t1980 xxu||||| |||| 00| 0 eng d | ||
| 035 | _a(Sirsi) u28894 | ||
| 041 | _aeng | ||
| 050 | _a333.332 | ||
| 110 |
_aRoyal Institution of Chartered Surveyors _94900 |
||
| 245 | _aValuations for current cost accounting. One-day conference, Wednesday 3rd December 1980 | ||
| 260 |
_bRICS _c1980 |
||
| 350 | _a0 | ||
| 520 | _aFiled in box RICS 1980/91 A ; Programme and paper synopses | ||
| 710 |
_aGeneral Practice Division _9752 |
||
| 942 | _n0 | ||
| 948 | _c04/03/1997 | ||
| 999 |
_c89356 _d89356 |
||